00370nam a2200145Ia 4500008004100000020001500041082001300056100001700069245004400086260002900130300000900159500002400168650001500192700001700207230524s9999 xx 000 0 und d a8127212296 a568bGUP aSashik Gupta 0aAdvanced Cost and Management Accounting aNEW DELHIbKalyanic2004 a11.8 aQuantity Number: 2 aManagement a R.K. Sharma